Αγροτική πίστη και οικονομικός μετασχηματισμός στη Β. Πελοπόννησο : Αιγιάλεια τέλη 19ου αιώνα
Αποθηκεύτηκε σε:
| Κύριος συγγραφέας: | |
|---|---|
| Μορφή: | Βιβλίο |
| Γλώσσα: | Greek |
| Δημοσίευση: |
Αθήνα :
Μορφωτικό Ιδρυμα Εθνικής Τραπέζης,
1990
|
| Σειρά: | Μελέτες οικονομικής ιστορίας
|
| Θέματα: | |
| Ετικέτες: |
Προσθήκη ετικέτας
Δεν υπάρχουν, Καταχωρήστε ετικέτα πρώτοι!
|
MARC
| LEADER | 00000nam a2200000 i 4500 | ||
|---|---|---|---|
| 001 | 1/9165 | ||
| 008 | 970128s1990 gre d | ||
| 035 | |l 10017372 | ||
| 040 | |a GR-MY-UA |b gre |e aacr | ||
| 041 | 0 | |a gre | |
| 082 | 0 | |a 338.184952 | |
| 100 | 1 | |a Καλαφάτης, Θανάσης. | |
| 245 | 1 | 0 | |a Αγροτική πίστη και οικονομικός μετασχηματισμός στη Β. Πελοπόννησο : |b Αιγιάλεια τέλη 19ου αιώνα / |c Θανάση Καλαφάτη |
| 260 | |a Αθήνα : |b Μορφωτικό Ιδρυμα Εθνικής Τραπέζης, |c 1990 | ||
| 300 | |a 503 σ. |b εικ. | ||
| 490 | 1 | |a Μελέτες οικονομικής ιστορίας | |
| 505 | 0 | |a τ. 1. Αγροτική πίστη και παραγωγήτ. 3. Πιστωτικό σύστημα, οικονομία και κοινωνία | |
| 650 | 0 | 0 | |a Rural credit |z Greece |z Peloponnesus. |
| 651 | 0 | |a Peloponnesus (Greece) |x Economic conditions |x History |y 19th century. | |
| 830 | 0 | |a Μελέτες οικονομικής ιστορίας | |
| 852 | |a INST |b LESVOS |e 19970128 |h 338.184952 ΚΑΛ |p 005100006304 |q 005100006304 |t BK |y 0 |z τ.1. | ||
| 852 | |a INST |b LESVOS |e 19970128 |h 338.184952 ΚΑΛ |p 005100006305 |q 005100006305 |t BK |y 0 |z τ.3. | ||
| 852 | |a INST |b LESVOS |e 19970128 |h 338.184952 ΚΑΛ |p 005100006304 |q 005100006304 |t BK |v τ.1.: |y 0 |z τ.1. | ||
| 852 | |a INST |b LESVOS |e 19970128 |h 338.184952 ΚΑΛ |p 005100006305 |q 005100006305 |t BK |v τ.3.: |y 0 |z τ.3. | ||
| 853 | |a INST |b LESVOS |h 338.184952 ΚΑΛ | ||
| 909 | |a Λ |b 020707 | ||
| 909 | |a Λ |b 029888 | ||
| 922 | |a 1ΕΛΗ |b 199310 |c ΚΑΡΑΒΑΣ | ||